000 00953nam a2200289 a 4500
001 72838
003 BD-RJUL
005 20211209082321.0
008 170524s1963 nyua b 001 0 eng d
035 _a(BD-RJUL)73056
040 _aDLC
_cDLC
_dOCL
_dBD-RJUL
_beng
041 _aeng
082 _a571.835
_223
_bCEL 1963
110 _aSociety for Experimental Biology
_9215438
245 0 0 _aCell differentiation /
260 _aCambridge :
_bAt the University Press,
_cc1963.
300 _avi, 404 p. :
_bill. ;
_c26 cm
490 _aSymposia of the Society for Experimental Biology
_v no. 17.
504 _aIncludes bibliographical references
650 0 _aCell differentiation
_9215435
650 0 _aCell differentiation
_9215435
650 0 _aCytogenetics
_9215436
700 _aSociety for Experimental Biology
_9215434
856 _3Symposia of the Society for Experimental Biology
_u no. 17.
942 _2ddc
_cBK
999 _c72838
_d72838